LEADER 01609nam 2200349Ia 450 001 996396993903316 005 20200824132905.0 035 $a(CKB)4940000000064286 035 $a(EEBO)2264199625 035 $a(OCoLC)ocm9818761e 035 $a(OCoLC)9818761 035 $a(EXLCZ)994940000000064286 100 $a19830817d1657 uy | 101 0 $alat 135 $aurbn||||a|bb| 200 10$aLexicon geographicum$b[electronic resource] $ein quo universi orbis oppida, urbes, regiones, provinciæ, regna, emporia, academiæ, metropoles, fontes, flumina, & maria antiquis recentibusque nominibus appellata, suisque distantiis descripta recensentur : in duas partes divisum, in priori quarum antiqua nomina recentibus, in altera recentia antiquis præponuntur ... /$fauthore Philippo Ferrario 205 $aEditio nova, multa, quam prior accuratior :$badnectitur tabula longitudinis ac latitudinis urbium & oppidorum pertotum terrarum orbem, ex ejusdem Philippi Ferrarii Epitome geographica desumpta. 210 $aLondini $cEx Officina Rogeri Danielis$d1657 215 $a[22], 552, [24] p 300 $a"Tabula longitudinis ac latitudinis urbium & oppidorum per totum terrarum orbem" has special t.p. and is unpaged. 300 $aReproduction of original in the Bodleian Library. 330 $aeebo-0014 606 $aGeography$vDictionaries 615 0$aGeography 700 $aFerrarius$b Philippus$fd. 1626.$0329338 801 0$bUMI 801 1$bUMI 801 2$bWaOLN 906 $aBOOK 912 $a996396993903316 996 $aLexicon geographicum$92305733 997 $aUNISA LEADER 01519oam 2200409Ia 450 001 9910696477003321 005 20080227143033.0 035 $a(CKB)5470000002378069 035 $a(OCoLC)181157681 035 $a(EXLCZ)995470000002378069 100 $a20071114d2007 ua 0 101 0 $aeng 135 $aurmn||||||||| 181 $ctxt$2rdacontent 182 $cc$2rdamedia 183 $acr$2rdacarrier 200 00$aField demonstrations of five geophysical methods that could be used to characterize deposits of alluvial aggregate$b[electronic resource] /$fby K.J. Ellefsen ... [and others] 210 1$aReston, Va. :$cU.S. Dept. of the Interior, U.S. Geological Survey,$d2007. 215 $av, 20 pages $cdigital, PDF file 225 1 $aScientific investigations report ;$v2007-5226 300 $aTitle from title screen (viewed on Feb. 15, 2008). 320 $aIncludes bibliographical references (pages 18-20). 606 $aProspecting$xGeophysical methods 606 $aAlluvium 606 $aAggregates (Building materials) 615 0$aProspecting$xGeophysical methods. 615 0$aAlluvium. 615 0$aAggregates (Building materials) 701 $aEllefsen$b Karl$01380912 712 02$aGeological Survey (U.S.) 801 0$bGIS 801 1$bGIS 801 2$bGPO 906 $aBOOK 912 $a9910696477003321 996 $aField demonstrations of five geophysical methods that could be used to characterize deposits of alluvial aggregate$93521942 997 $aUNINA LEADER 01992nim 2200409Ka 450 001 9910159481603321 005 20250814103640.2 010 $a2-8211-0555-X 035 $a(CKB)3710000001019897 035 $a(ODN)ODN0008826546 035 $a(EXLCZ)993710000001019897 100 $a20220413d2016 uy 0 101 0 $afre 135 $auruna---||||| 181 $cspw$2rdacontent 182 $cs$2rdamedia 182 $cc$2rdamedia 183 $acr$2rdacarrier 200 10$a100 citations de cicéron $eCollection 100 citations. /$fCicéron 205 $aUnabridged. 210 $aCopenhagen K. $cSAGA Egmont$d2016 215 $a1 online resource (1 audio file) $cdigital 300 $aUnabridged. 330 $aMarcus Tullius Cicéron : un des plus grands orateurs ayant jamais existé. Ses talents d'avocat lui permirent d'accéder à la magistrature suprême, fonction normalement réservée à la noblesse ; et la seule énergie de ses discours, les Catilinaires, suffit à déjouer une terrible conjuration qui visait à l'élimination d'une partie de l'élite politique. Cicéron connut la gloire à la suite de cet affaire, avant que sa franche opposition au pouvoir d'Antoine lui coûte la vie en 43 av. J-C. L'oeuvre de Cicéron est considérée comme un modèle d'expression latine, et on lui doit la transmission d'une part importante de la pensée grecque. Ces 100 citations vous amèneront à l'essentiel de sa pensée, avec les formulations les plus percutantes et les réflexions les plus profondes de ses oeuvres majeures. 517 $a100 citations de Cicéron 517 $a100 citations de Cicéron 606 $aNonfiction$2OverDrive 606 $aPhilosophy$2OverDrive 615 17$aNonfiction. 615 7$aPhilosophy. 686 $aPHI000000$2bisacsh 700 $aCicéron$01843641 701 $aHuber$b Elodie$01843307 906 $aAUDIO 912 $a9910159481603321 996 $a100 citations de cicéron$94425284 997 $aUNINA